[Event "SVK-chT2D 1920"]
[Site "Slovakia"]
[Date "2019.12.15"]
[Round "6.2"]
[White "Ackerman, Ernest"]
[Black "Varga, Lukas"]
[Result "1-0"]
[WhiteElo "2053"]
[BlackElo "1910"]
[PlyCount "87"]
[EventDate "2019.10.26"]
[EventType "team-tourn"]
[EventRounds "11"]
[EventCountry "SVK"]
[SourceTitle "CBM 194 Extra"]
[Source "ChessBase"]
[SourceDate "2020.03.31"]
[SourceVersion "1"]
[SourceVersionDate "2020.03.31"]
[SourceQuality "1"]
[WhiteTeam "Moldava nad Bodvou"]
[BlackTeam "Kosice Slavia TU IV"]
[WhiteTeamCountry "SVK"]
[BlackTeamCountry "SVK"]

1. c4 e5 2. Nc3 Nf6 3. g3 d5 4. cxd5 Nxd5 5. Bg2 Nb6 6. Nf3 Nc6 7. 0-0 Be7 8. d3 0-0 9. Be3 Be6 10. Qc1 Bg4 11. h3 Bh5 12. Re1 Bb4 13. a3 Be7 14. Ne4 Nd4 15. Bxd4 exd4 16. Nc5 Rb8 17. b4 Nd5 18. Ne5 f6 19. Ned7 Nc3 20. Nxf8 Bxf8 21. g4 Bxc5 22. bxc5 Bf7 23. Qb2 b6 24. c6 h5 25. e3 hxg4 26. hxg4 Bd5 27. exd4 Bxg2 28. Kxg2 Qd5+ 29. f3 Nb5 30. Re4 Rd8 31. Rc1 a5 32. Qe2 Rf8 33. Re7 Nxd4 34. Qe4 Qxe4 35. dxe4 Rc8 36. Rc3 Nb5 37. Rd3 Nd6 38. Kg3 b5 39. Kf4 Kf8 40. Rd7 g6 41. g5 fxg5+ 42. Kxg5 Re8 43. Rxc7 Re6 44. Rd5 1-0

[Event "SVK-chT2D 1920"]
[Site "Slovakia"]
[Date "2019.11.17"]
[Round "4.3"]
[White "Ackerman, Ernest"]
[Black "Foglar, Ivan"]
[Result "0-1"]
[WhiteElo "2039"]
[BlackElo "1968"]
[PlyCount "90"]
[EventDate "2019.10.26"]
[EventType "team-tourn"]
[EventRounds "11"]
[EventCountry "SVK"]
[SourceTitle "CBM 193 Extra"]
[Source "ChessBase"]
[SourceDate "2020.01.31"]
[SourceVersion "1"]
[SourceVersionDate "2020.01.31"]
[SourceQuality "1"]
[WhiteTeam "Moldava nad Bodvou"]
[BlackTeam "Margecany"]
[WhiteTeamCountry "SVK"]
[BlackTeamCountry "SVK"]

1. c4 c6 2. e4 e5 3. Nf3 d6 4. d4 exd4 5. Nxd4 Nf6 6. Nc3 Be7 7. Be2 c5 8. Nc2 Nc6 9. 0-0 0-0 10. a3 a6 11. f3 Re8 12. Rb1 Be6 13. Nd5 Bxd5 14. cxd5 Ne5 15. a4 Rb8 16. Na3 Qd7 17. b4 cxb4 18. Rxb4 Rec8 19. Bb2 Qd8 20. Bd4 Ned7 21. Qb1 b5 22. axb5 axb5 23. Rxb5 Rxb5 24. Nxb5 Nc5 25. Rc1 Qb6 26. Qa2 Nfd7 27. Rb1 Qd8 28. Qb2 Bf8 29. Qd2 h6 30. Bf2 Rb8 31. Bg3 Ne5 32. Qe3 Qb6 33. f4 Ng6 34. Nc3 Qa7 35. Rxb8 Qxb8 36. Nb5 Qa8 37. Nc3 Qb8 38. Kf2 Qb2 39. h4 Be7 40. h5 Nf8 41. Kf3 Nfd7 42. e5 dxe5 43. fxe5 Bg5 44. Qd4 Nb3 45. Qc4 Nd2+ 0-1

[Event "SVK-chT2D 1819"]
[Site "Slovakia"]
[Date "2018.12.15"]
[Round "5.3"]
[White "Koval, Jakub"]
[Black "Ackerman, Ernest"]
[Result "1-0"]
[WhiteElo "2074"]
[BlackElo "2073"]
[PlyCount "63"]
[EventDate "2018.10.13"]
[EventType "team-tourn"]
[EventRounds "11"]
[EventCountry "SVK"]
[SourceTitle "CBM 189 Extra"]
[Source "ChessBase"]
[SourceDate "2019.06.03"]
[SourceVersion "1"]
[SourceVersionDate "2019.06.03"]
[SourceQuality "1"]
[WhiteTeam "Presov Tatran Dason"]
[BlackTeam "Moldava nad Bodvou"]
[WhiteTeamCountry "SVK"]
[BlackTeamCountry "SVK"]

1. b3 e5 2. Bb2 Nc6 3. e3 Nf6 4. Bb5 d6 5. d4 Bd7 6. Ne2 exd4 7. Nxd4 Ne5 8. Be2 Be7 9. Nc3 0-0 10. Qd2 c6 11. 0-0-0 b5 12. f4 Neg4 13. Bf3 b4 14. Ne4 Nd5 15. Bxg4 Bxg4 16. Nxc6 Qc7 17. Qxd5 Bxd1 18. Rxd1 Rac8 19. Qd4 f6 20. Nxe7+ Qxe7 21. Nxd6 Rb8 22. Nf5 Qc7 23. Qd7 Rf7 24. Qe6 Kf8 25. Nd6 Re7 26. Qf5 Rd8 27. Bxf6 gxf6 28. Qxf6+ Kg8 29. Rd5 Rdd7 30. Nf5 Rg7 31. Rxd7 Qxd7 32. Qxg7+ 1-0

[Event "SVK-chT2D 1819"]
[Site "Slovakia"]
[Date "2018.10.14"]
[Round "2.3"]
[White "Kohut, Marian"]
[Black "Ackerman, Ernest"]
[Result "0-1"]
[WhiteElo "2019"]
[BlackElo "2073"]
[PlyCount "66"]
[EventDate "2018.10.13"]
[EventType "team-tourn"]
[EventRounds "11"]
[EventCountry "SVK"]
[SourceTitle "CBM 187 Extra"]
[Source "ChessBase"]
[SourceDate "2018.11.04"]
[SourceVersion "1"]
[SourceVersionDate "2018.11.04"]
[SourceQuality "1"]
[WhiteTeam "Sabinov II"]
[BlackTeam "Moldava nad Bodvou"]
[WhiteTeamCountry "SVK"]
[BlackTeamCountry "SVK"]

1. d4 d5 2. Nf3 c6 3. Bf4 Nf6 4. e3 Bf5 5. c3 Qb6 6. Qc1 e6 7. Be2 Be7 8. Nbd2 Nbd7 9. 0-0 h6 10. Ne5 0-0 11. Ndf3 a5 12. Nxd7 Nxd7 13. Ne5 Nxe5 14. Bxe5 a4 15. Re1 c5 16. a3 cxd4 17. Bxd4 Qc7 18. g4 Bh7 19. f4 f6 20. c4 e5 21. cxd5 Qxc1 22. Raxc1 exd4 23. exd4 Bd6 24. f5 g6 25. Bd3 gxf5 26. gxf5 Kf7 27. Re6 Rg8+ 28. Kh1 Rad8 29. Rxd6 Rxd6 30. Rc7+ Kf8 31. Rxh7 Rg4 32. Rxb7 Rxd4 33. Bc2 R6xd5 0-1

[Event "SVK-chT2D 1617"]
[Site "Slovakia"]
[Date "2017.02.11"]
[Round "8.3"]
[White "Hotak, Marian"]
[Black "Ackerman, Ernest"]
[Result "1-0"]
[WhiteElo "2049"]
[BlackElo "2074"]
[PlyCount "121"]
[EventDate "2016.10.08"]
[EventType "team-tourn"]
[EventRounds "11"]
[EventCountry "SVK"]
[SourceTitle "EXT 2018"]
[Source "ChessBase"]
[SourceDate "2017.10.13"]
[SourceVersion "1"]
[SourceVersionDate "2017.10.13"]
[SourceQuality "1"]
[WhiteTeam "Spisska Nova Ves"]
[BlackTeam "Kosice Dynamo"]
[WhiteTeamCountry "SVK"]
[BlackTeamCountry "SVK"]

1. c4 e5 2. Nc3 Nf6 3. Nf3 Nc6 4. g3 Bb4 5. Bg2 0-0 6. 0-0 d6 7. d3 h6 8. Qb3 Bc5 9. a3 a5 10. Rb1 Re8 11. Nd2 Nd4 12. Qd1 c6 13. e3 Ne6 14. b4 axb4 15. axb4 Bb6 16. Qb3 Bd7 17. Ba3 Rb8 18. Nde4 Nxe4 19. Nxe4 Qe7 20. Nc3 Rec8 21. Rfd1 Ng5 22. b5 Bc5 23. Bb2 Qf6 24. h4 Nf3+ 25. Kh1 Be6 26. Ne4 Qf5 27. b6 g5 28. Qc2 gxh4 29. Qe2 Ng5 30. Nxg5 Qxg5 31. Rg1 hxg3 32. fxg3 Bxe3 33. Bc1 Bxc1 34. Rbxc1 Bg4 35. Bf3 Qh5+ 36. Kg2 Bxf3+ 37. Qxf3 Qxf3+ 38. Kxf3 Ra8 39. Ke4 Ra6 40. Rb1 f6 41. Rh1 Kg7 42. Kf5 Ra3 43. Ke6 c5 44. Rh4 Rxd3 45. Rbh1 Rxg3 46. Rxh6 Rc6 47. Rh7+ Kg6 48. Rxb7 d5+ 49. Kd7 Rxb6 50. Rxb6 d4 51. Ke6 e4 52. Rh8 Kg5 53. Rc6 e3 54. Rxc5+ Kf4 55. Rh4+ Kf3 56. Rf5+ Ke2 57. Rxd4 Ke1 58. Kxf6 e2 59. Re4 Rg2 60. Rfe5 Kd2 61. Rxe2+ 1-0

[Event "SVK-chT2D 1617"]
[Site "Slovakia"]
[Date "2016.12.04"]
[Round "6.3"]
[White "Michel, Norbert"]
[Black "Ackerman, Ernest"]
[Result "0-1"]
[WhiteElo "2033"]
[BlackElo "2074"]
[PlyCount "52"]
[EventDate "2016.10.08"]
[EventType "team-tourn"]
[EventRounds "11"]
[EventCountry "SVK"]
[SourceTitle "EXT 2018"]
[Source "ChessBase"]
[SourceDate "2017.10.13"]
[SourceVersion "1"]
[SourceVersionDate "2017.10.13"]
[SourceQuality "1"]
[WhiteTeam "Kosice Slavia UPJS III"]
[BlackTeam "Kosice Dynamo"]
[WhiteTeamCountry "SVK"]
[BlackTeamCountry "SVK"]

1. e4 c5 2. Nf3 d6 3. d4 cxd4 4. Nxd4 Nf6 5. Nc3 a6 6. Be3 e5 7. Nb3 Be6 8. h3 Nbd7 9. g4 h6 10. Qf3 Nb6 11. 0-0-0 Qc7 12. Bxb6 Qxb6 13. Nd5 Nxd5 14. exd5 Bd7 15. Kb1 Be7 16. Nd2 Rf8 17. Bd3 0-0-0 18. Nc4 Qc5 19. Qe3 Qxe3 20. fxe3 Kc7 21. Rdf1 Bb5 22. Rf3 e4 23. Bxe4 Bxc4 24. b3 Bb5 25. c4 Bd7 26. Rhf1 Bf6 0-1

[Event "SVK-chT2D 14/15"]
[Site "Slovakia"]
[Date "2015.02.01"]
[Round "7.3"]
[White "Ackerman, Ernest"]
[Black "Vojtko, Marek"]
[Result "1-0"]
[WhiteElo "2078"]
[BlackElo "1996"]
[PlyCount "101"]
[EventDate "2014.10.11"]
[EventType "team-tourn"]
[EventRounds "11"]
[EventCountry "SVK"]
[SourceTitle "EXT 2019"]
[Source "ChessBase"]
[SourceDate "2018.10.10"]
[SourceVersion "1"]
[SourceVersionDate "2018.10.10"]
[SourceQuality "1"]
[WhiteTeam "Kosice 1 CC"]
[BlackTeam "Kosice Slavia TU IV"]
[WhiteTeamCountry "SVK"]
[BlackTeamCountry "SVK"]

1. c4 e5 2. Nc3 Nc6 3. g3 f5 4. Bg2 Nf6 5. d3 Bb4 6. Bd2 Bxc3 7. Bxc3 0-0 8. Bxc6 dxc6 9. Bxe5 Ng4 10. d4 f4 11. Nf3 Nxe5 12. Nxe5 Qf6 13. Qd3 c5 14. 0-0-0 Bf5 15. Qc3 cxd4 16. Qxd4 fxg3 17. hxg3 Rad8 18. Qe3 Rfe8 19. Rxd8 Rxd8 20. f4 Qa6 21. Qb3 c5 22. a3 b6 23. Rd1 Re8 24. Rd6 Qb7 25. Qd1 Qe4 26. Qd5+ Qxd5 27. cxd5 g5 28. Rf6 Be4 29. d6 gxf4 30. d7 Rd8 31. Rxf4 Bg2 32. g4 Bd5 33. Rf6 Bb3 34. Kd2 Kg7 35. g5 Ba4 36. Rf7+ Kg8 37. Kd3 Bb3 38. Re7 Ba4 39. b3 Bxd7 40. Rxd7 Re8 41. Ke4 b5 42. Rxa7 c4 43. bxc4 bxc4 44. Rc7 Ra8 45. Nxc4 Re8+ 46. Ne5 h5 47. gxh6 Re6 48. h7+ Kh8 49. Rc6 Re8 50. Rh6 Re7 51. Kf5 1-0

[Event "SVK-chT2D 1314"]
[Site "Slovakia"]
[Date "2014.01.12"]
[Round "6.1"]
[White "Koval, Maros"]
[Black "Ackerman, Ernest"]
[Result "1-0"]
[WhiteElo "2067"]
[BlackElo "2089"]
[PlyCount "101"]
[EventDate "2013.10.19"]
[EventType "team-tourn"]
[EventRounds "11"]
[EventCountry "SVK"]
[SourceTitle "EXT 2015"]
[Source "ChessBase"]
[SourceDate "2014.11.20"]
[SourceVersion "1"]
[SourceVersionDate "2014.11.20"]
[SourceQuality "1"]
[WhiteTeam "Presov Tatran Dason"]
[BlackTeam "Kosice Tahanovce"]
[WhiteTeamCountry "SVK"]
[BlackTeamCountry "SVK"]

1. d4 d5 2. Nf3 c6 3. g3 Nf6 4. Bg2 e6 5. b3 Be7 6. Bb2 0-0 7. 0-0 Nbd7 8. Nbd2 a5 9. a4 b5 10. c4 Rb8 11. Ne5 Nxe5 12. dxe5 Nd7 13. axb5 cxb5 14. cxd5 exd5 15. Bxd5 Nc5 16. Ne4 Bf5 17. Nxc5 Bxc5 18. e4 Bh3 19. Re1 Qg5 20. Qc1 Qe7 21. Qf4 h5 22. Bc3 g5 23. Qf6 b4 24. Bd2 Qxf6 25. exf6 Bd4 26. Rxa5 Bxf6 27. Bc4 Bd8 28. Ra6 Kg7 29. f4 Bc8 30. Ra4 Bd7 31. Rxb4 Ra8 32. Bc3+ Kg8 33. fxg5 Ba5 34. g6 Be6 35. gxf7+ Bxf7 36. Bxf7+ Rxf7 37. Rc4 Bb6+ 38. Bd4 Bxd4+ 39. Rxd4 Ra2 40. Rf1 Rc7 41. Rf2 Ra1+ 42. Kg2 Rb1 43. Rb4 Kg7 44. Rb5 h4 45. gxh4 Re7 46. Re2 Kf6 47. Kh3 Rg1 48. Rg5 Rxg5 49. hxg5+ Kxg5 50. Kg3 Re5 51. Kf3 1-0

[Event "SVK-chT2D 1213"]
[Site "Slovakia"]
[Date "2013.02.03"]
[Round "7.2"]
[White "Najgebauer, Szemjon"]
[Black "Ackerman, Ernest"]
[Result "1-0"]
[WhiteElo "2187"]
[BlackElo "2093"]
[PlyCount "81"]
[EventDate "2012.10.13"]
[EventType "team-tourn"]
[EventRounds "11"]
[EventCountry "SVK"]
[SourceTitle "EXT 2015"]
[Source "ChessBase"]
[SourceDate "2014.11.20"]
[SourceVersion "1"]
[SourceVersionDate "2014.11.20"]
[SourceQuality "1"]
[WhiteTeam "Kosice Slavia UPJS III"]
[BlackTeam "Kosice SK"]
[WhiteTeamCountry "SVK"]
[BlackTeamCountry "SVK"]

1. d4 d5 2. c4 c6 3. Nf3 Nf6 4. Qc2 e6 5. Bg5 Be7 6. e3 Nbd7 7. Nc3 h6 8. Bh4 0-0 9. a3 dxc4 10. Bxc4 Nd5 11. Bg3 b5 12. Bd3 Qa5 13. 0-0 Nxc3 14. bxc3 Qb6 15. a4 a5 16. Rfb1 b4 17. Nd2 Ba6 18. cxb4 axb4 19. Nc4 Bxc4 20. Bxc4 c5 21. Bb5 Nf6 22. Be5 Ng4 23. dxc5 Bxc5 24. Bg3 Be7 25. Qc6 Qxc6 26. Bxc6 Rac8 27. Bb7 Rc2 28. h3 Nf6 29. a5 Bc5 30. a6 Ba7 31. Rxb4 Rd8 32. Rbb1 Kf8 33. Rd1 Rd7 34. Be5 Ke7 35. Bd4 Rxd4 36. Rxd4 Nd7 37. Rdd1 Nc5 38. Rdc1 Rxc1+ 39. Rxc1 Kd6 40. Kf1 Kc7 41. Ke2 1-0

[Event "SVK-chT1E 0910"]
[Site "Slovakia"]
[Date "2010.01.17"]
[Round "7.5"]
[White "Mrvova, Alena"]
[Black "Ackerman, Ernest"]
[Result "1-0"]
[WhiteElo "2201"]
[BlackElo "2139"]
[PlyCount "105"]
[EventDate "2009.10.17"]
[EventType "team"]
[EventRounds "11"]
[EventCountry "SVK"]
[SourceTitle "EXT 2011"]
[Source "ChessBase"]
[SourceDate "2010.11.26"]
[SourceVersion "1"]
[SourceVersionDate "2010.11.26"]
[SourceQuality "1"]
[WhiteTeam "Bardejov BSK"]
[BlackTeam "Kosice"]
[WhiteTeamCountry "SVK"]
[BlackTeamCountry "SVK"]

1. e4 c5 2. Nf3 d6 3. d4 cxd4 4. Nxd4 Nf6 5. Nc3 a6 6. Be2 e5 7. Nf3 h6 8. 0-0 Be7 9. Re1 0-0 10. Bf1 Qc7 11. g3 Be6 12. Nh4 Qd7 13. Bg2 Bg4 14. Qd3 Qc7 15. Be3 Rc8 16. a3 Bd7 17. Qd2 Kh7 18. Nf5 Bxf5 19. exf5 Nbd7 20. Nd5 Nxd5 21. Qxd5 Kg8 22. Qxb7 Rab8 23. Qxc7 Rxc7 24. b3 Rxc2 25. Rec1 Rbc8 26. Bb7 Rxc1+ 27. Rxc1 Rxc1+ 28. Bxc1 a5 29. Bd2 Bd8 30. b4 axb4 31. Bxb4 Nc5 32. Bc6 Kf8 33. Kf1 Ke7 34. Ke2 Bb6 35. a4 Kd8 36. a5 Ba7 37. Bd5 f6 38. Bd2 Kd7 39. Be3 Kd8 40. Kd2 Kc7 41. Kc2 Kb8 42. Kc3 Kc8 43. Kc4 Kb8 44. Kb5 Kc7 45. g4 Kd7 46. Bc6+ Kc7 47. h4 Kb8 48. Kc4 Kc7 49. Kd5 e4 50. Bf4 Nd3 51. Bxd6+ Kd8 52. Kxe4 Nxf2+ 53. Kf3 1-0

[Event "SVK-chT1E 0910"]
[Site "Slovakia"]
[Date "2010.01.16"]
[Round "6.5"]
[White "Dovzik, Juri"]
[Black "Ackerman, Ernest"]
[Result "1-0"]
[WhiteElo "2366"]
[BlackElo "2139"]
[PlyCount "49"]
[EventDate "2009.10.17"]
[EventType "team"]
[EventRounds "11"]
[EventCountry "SVK"]
[SourceTitle "EXT 2011"]
[Source "ChessBase"]
[SourceDate "2010.11.26"]
[SourceVersion "1"]
[SourceVersionDate "2010.11.26"]
[SourceQuality "1"]
[WhiteTeam "Michalovce Zemplin"]
[BlackTeam "Kosice"]
[WhiteTeamCountry "SVK"]
[BlackTeamCountry "SVK"]

1. d4 d5 2. c4 c6 3. Nf3 Nf6 4. Qc2 g6 5. Bf4 Bg7 6. e3 0-0 7. Nc3 Nbd7 8. cxd5 Nxd5 9. Nxd5 cxd5 10. Bc7 Qe8 11. Be2 Nf6 12. 0-0 a6 13. Rfc1 Ne4 14. Qb3 e6 15. a4 f5 16. Be5 Bxe5 17. Nxe5 Qd8 18. a5 g5 19. Qb6 Qxb6 20. axb6 Nd6 21. Rc7 g4 22. Rac1 Re8 23. h3 h5 24. Ng6 Rb8 25. Nf4 1-0

[Event "SVK-chT2D 0708"]
[Site "Slovakia"]
[Date "2008.03.08"]
[Round "10.1"]
[White "Ackerman, Ernest"]
[Black "Pejko, Otomar"]
[Result "1/2-1/2"]
[WhiteElo "2177"]
[BlackElo "2212"]
[PlyCount "86"]
[EventDate "2007.10.06"]
[EventType "team-tourn"]
[EventRounds "11"]
[EventCountry "SVK"]
[SourceTitle "EXT 2010"]
[Source "ChessBase"]
[SourceDate "2010.11.25"]
[SourceVersion "1"]
[SourceVersionDate "2010.11.25"]
[SourceQuality "1"]
[WhiteTeam "Kosice Dynamo"]
[BlackTeam "Spisska Nova Ves"]
[WhiteTeamCountry "SVK"]
[BlackTeamCountry "SVK"]

1. c4 e5 2. Nc3 Nc6 3. g3 d6 4. Bg2 Be6 5. Nd5 Qd7 6. d3 Nd8 7. Nf3 c6 8. Nc3 Bh3 9. 0-0 Bxg2 10. Kxg2 Ne6 11. d4 exd4 12. Nxd4 h5 13. h3 Ne7 14. e4 g6 15. Be3 Bg7 16. Qd2 0-0 17. Rad1 Rad8 18. b3 Nc8 19. f4 Nxd4 20. Bxd4 f5 21. Bxg7 Qxg7 22. e5 Qc7 23. exd6 Qxd6 24. Qxd6 Nxd6 25. Rfe1 Kf7 26. Kf3 Rfe8 27. Rxe8 Kxe8 28. Ke3 Ke7 29. c5 Nf7 30. Rxd8 Nxd8 31. b4 Ne6 32. h4 a5 33. a3 axb4 34. axb4 Nc7 35. Kd4 Ke6 36. Kc4 Ne8 37. Ne2 Nf6 38. Nd4+ Kd7 39. Ne2 Ne4 40. Kd3 Ke6 41. Kd4 Nd2 42. Kd3 Ne4 43. Kd4 Nd2 1/2-1/2

[Event "SVK-chT2D 0708"]
[Site "Slovakia"]
[Date "2008.02.03"]
[Round "9.3"]
[White "Mazur, Stefan"]
[Black "Ackerman, Ernest"]
[Result "1-0"]
[WhiteElo "2144"]
[BlackElo "2177"]
[PlyCount "67"]
[EventDate "2007.10.06"]
[EventType "team-tourn"]
[EventRounds "11"]
[EventCountry "SVK"]
[SourceTitle "EXT 2010"]
[Source "ChessBase"]
[SourceDate "2010.11.25"]
[SourceVersion "1"]
[SourceVersionDate "2010.11.25"]
[SourceQuality "1"]
[WhiteTeam "Michalovce Zemplin II"]
[BlackTeam "Kosice Dynamo"]
[WhiteTeamCountry "SVK"]
[BlackTeamCountry "SVK"]

1. e4 c5 2. Nf3 d6 3. d4 cxd4 4. Nxd4 Nf6 5. Nc3 a6 6. f4 e5 7. Nf3 exf4 8. Bxf4 Be7 9. a4 0-0 10. Bd3 Nc6 11. Qd2 Qc7 12. 0-0 Ne5 13. Nxe5 dxe5 14. Bg5 Ng4 15. Nd5 Qc5+ 16. Kh1 Bxg5 17. Qxg5 f6 18. Qh4 Be6 19. b4 Qd6 20. c4 Bxd5 21. exd5 Nh6 22. c5 Qd8 23. Qe4 g6 24. d6 Rb8 25. b5 b6 26. c6 Qxd6 27. Bc4+ Kh8 28. Rad1 Qc5 29. Rd5 Qb4 30. Rd7 axb5 31. axb5 Rf7 32. Rxf7 Nxf7 33. Rxf6 Rf8 34. Rxf7 1-0

[Event "SVK-chT2D 0708"]
[Site "Slovakia"]
[Date "2008.02.02"]
[Round "8.3"]
[White "Ackerman, Ernest"]
[Black "Vorovic, Arkadij"]
[Result "1-0"]
[WhiteElo "2177"]
[BlackElo "2201"]
[PlyCount "103"]
[EventDate "2007.10.06"]
[EventType "team-tourn"]
[EventRounds "11"]
[EventCountry "SVK"]
[SourceTitle "EXT 2010"]
[Source "ChessBase"]
[SourceDate "2010.11.25"]
[SourceVersion "1"]
[SourceVersionDate "2010.11.25"]
[SourceQuality "1"]
[WhiteTeam "Kosice Dynamo"]
[BlackTeam "Velke Kapusany Energetik"]
[WhiteTeamCountry "SVK"]
[BlackTeamCountry "SVK"]

1. c4 c6 2. g3 d5 3. Bg2 Nf6 4. Nf3 Bf5 5. b3 e6 6. Bb2 Be7 7. 0-0 0-0 8. d3 Nfd7 9. Nbd2 Bf6 10. Bxf6 Qxf6 11. Qc1 Na6 12. d4 h6 13. Qa3 Rfc8 14. cxd5 cxd5 15. Rac1 Qd8 16. Nh4 Bh7 17. f4 Rxc1 18. Rxc1 Rc8 19. f5 Rxc1+ 20. Qxc1 Nb4 21. fxe6 fxe6 22. Bh3 Nf8 23. Qc5 Nc6 24. Nhf3 Qf6 25. b4 a6 26. a4 Bf5 27. Bxf5 Qxf5 28. b5 axb5 29. axb5 Nd8 30. Qc7 Qf6 31. Nb3 Ng6 32. Nc5 Qe7 33. b6 Kf7 34. h4 Ke8 35. h5 Nf8 36. Kf2 Nd7 37. Nxb7 Nxb7 38. Qxb7 Qb4 39. Qc8+ Ke7 40. b7 Qb6 41. Kg2 Qb5 42. Kf2 Qb6 43. Qg8 Qxb7 44. Qxg7+ Kd6 45. Ne5 Qa7 46. Qxd7+ Qxd7 47. Nxd7 Kxd7 48. Kf3 Ke7 49. Kf4 Kf7 50. Ke5 Ke7 51. Kf4 Kf7 52. g4 1-0

[Event "SVK-chT2D 0708"]
[Site "Slovakia"]
[Date "2007.10.07"]
[Round "2.1"]
[White "Ackerman, Ernest"]
[Black "Bednar, Milan"]
[Result "0-1"]
[WhiteElo "2177"]
[BlackElo "2235"]
[PlyCount "76"]
[EventDate "2007.10.06"]
[EventType "team-tourn"]
[EventRounds "11"]
[EventCountry "SVK"]
[SourceTitle "EXT 2010"]
[Source "ChessBase"]
[SourceDate "2010.11.25"]
[SourceVersion "1"]
[SourceVersionDate "2010.11.25"]
[SourceQuality "1"]
[WhiteTeam "Kosice Dynamo"]
[BlackTeam "Bardejov BSK"]
[WhiteTeamCountry "SVK"]
[BlackTeamCountry "SVK"]

1. c4 c5 2. Nc3 Nc6 3. g3 d6 4. Bg2 h5 5. h4 Bg4 6. Nf3 Qd7 7. d3 Nh6 8. Bxh6 Rxh6 9. Nd5 e6 10. Ne3 Bxf3 11. Bxf3 Be7 12. Qa4 Nd4 13. Qxd7+ Kxd7 14. Bg2 Rb8 15. Kd2 b5 16. cxb5 Rxb5 17. Nd1 Bf6 18. e3 Nc6 19. Bxc6+ Kxc6 20. Kc2 Rh8 21. Nc3 Rb4 22. a3 Rb7 23. Rab1 Rhb8 24. b3 d5 25. Ne2 g6 26. e4 a5 27. f4 c4 28. bxc4 dxc4 29. d4 Rxb1 30. Rxb1 Rxb1 31. Kxb1 Be7 32. Kb2 f5 33. exf5 gxf5 34. Nc3 Bf6 35. Ne2 Kd5 36. Kc3 Bg7 37. a4 Bf6 38. Kc2 Bxd4 0-1

[Event "SVK-chT2D 0607"]
[Site "Slovakia"]
[Date "2007.02.04"]
[Round "9.1"]
[White "Tauber, Marek"]
[Black "Ackerman, Ernest"]
[Result "0-1"]
[WhiteElo "2193"]
[BlackElo "2166"]
[PlyCount "106"]
[EventDate "2006.10.14"]
[EventType "team-tourn"]
[EventRounds "11"]
[EventCountry "SVK"]
[SourceTitle "EXT 2008"]
[Source "ChessBase"]
[SourceDate "2007.11.25"]
[SourceVersion "1"]
[SourceVersionDate "2007.11.25"]
[SourceQuality "1"]
[WhiteTeam "Spisska Nova Ves"]
[BlackTeam "Kosice DPMK"]
[WhiteTeamCountry "SVK"]
[BlackTeamCountry "SVK"]

1. e4 c5 2. Nf3 d6 3. d4 cxd4 4. Nxd4 Nf6 5. Nc3 a6 6. Bg5 e6 7. f4 Be7 8. Qf3 h6 9. Bxf6 Bxf6 10. 0-0-0 Qb6 11. Nb3 Nd7 12. h4 h5 13. Be2 Nc5 14. Nxc5 Qxc5 15. e5 dxe5 16. Ne4 Qe7 17. Nxf6+ Qxf6 18. Qa3 Qxf4+ 19. Kb1 f5 20. Qd6 Kf7 21. g3 Qa4 22. Qxe5 Qc6 23. Rhe1 b5 24. Rd6 Qe8 25. Qd4 e5 26. Qd5+ Be6 27. Bxh5+ Rxh5 28. Rxe6 Qxe6 29. Qxa8 Qd6 30. Qf3 g6 31. g4 Rxh4 32. gxf5 g5 33. Rd1 e4 34. Qb3+ Kg7 35. Qc3+ Kf7 36. Qb3+ Kf8 37. c3 Qe7 38. Qd5 e3 39. f6 Qe4+ 40. Qxe4 Rxe4 41. Kc2 e2 42. Re1 Kf7 43. Kd3 Re6 44. a4 bxa4 45. Rxe2 Rxe2 46. Kxe2 Kxf6 47. Kf3 Ke5 48. Kg4 Kd5 49. Kxg5 Kc4 50. Kf4 Kb3 51. c4 Kxc4 52. Ke3 Kb3 53. Kd2 Kxb2 0-1

[Event "SVK-chT2D 0607"]
[Site "Slovakia"]
[Date "2007.01.13"]
[Round "7.5"]
[White "Svoboda, Svatopluk"]
[Black "Ackerman, Ernest"]
[Result "1-0"]
[WhiteElo "2274"]
[BlackElo "2166"]
[PlyCount "37"]
[EventDate "2006.10.14"]
[EventType "team-tourn"]
[EventRounds "11"]
[EventCountry "SVK"]
[SourceTitle "EXT 2008"]
[Source "ChessBase"]
[SourceDate "2007.11.25"]
[SourceVersion "1"]
[SourceVersionDate "2007.11.25"]
[SourceQuality "1"]
[WhiteTeam "Sabinov"]
[BlackTeam "Kosice DPMK"]
[WhiteTeamCountry "SVK"]
[BlackTeamCountry "SVK"]

1. e4 c5 2. Nf3 d6 3. d4 cxd4 4. Qxd4 Nc6 5. Bb5 Bd7 6. Bxc6 Bxc6 7. Nc3 Nf6 8. Bg5 Qa5 9. b4 Qb6 10. Qxb6 axb6 11. Bxf6 gxf6 12. b5 Bd7 13. Nd5 Ra4 14. 0-0 Rxe4 15. a4 Bg4 16. Nxb6 Rg8 17. Kh1 Rf4 18. a5 Rxf3 19. a6 1-0

[Event "SVK-chT2D 0607"]
[Site "Slovakia"]
[Date "2006.12.16"]
[Round "5.6"]
[White "Juhar, Roman"]
[Black "Ackerman, Ernest"]
[Result "0-1"]
[WhiteElo "2072"]
[BlackElo "2166"]
[PlyCount "120"]
[EventDate "2006.10.14"]
[EventType "team-tourn"]
[EventRounds "11"]
[EventCountry "SVK"]
[SourceTitle "EXT 2008"]
[Source "ChessBase"]
[SourceDate "2007.11.25"]
[SourceVersion "1"]
[SourceVersionDate "2007.11.25"]
[SourceQuality "1"]
[WhiteTeam "Kosice Akademik"]
[BlackTeam "Kosice DPMK"]
[WhiteTeamCountry "SVK"]
[BlackTeamCountry "SVK"]

1. e4 c5 2. Nf3 d6 3. Nc3 Nf6 4. Bc4 e6 5. 0-0 Be7 6. d3 0-0 7. Re1 Nc6 8. Bf4 Na5 9. a4 Nxc4 10. dxc4 h6 11. Nb5 e5 12. Bg3 Be6 13. b3 a6 14. Nc3 Qa5 15. Qd2 Kh7 16. Rad1 Rad8 17. Re3 Ng4 18. Rd3 f5 19. h3 Nf6 20. Nd5 Qxd2 21. Nxf6+ Bxf6 22. Nxd2 f4 23. Bh2 Be7 24. f3 Ra8 25. Kf1 Rfb8 26. a5 g5 27. Bg1 h5 28. Nb1 g4 29. hxg4 hxg4 30. Nc3 gxf3 31. gxf3 Rg8 32. Bf2 Rg6 33. Ke2 Rh6 34. Rxd6 Bxd6 35. Rxd6 Bxc4+ 36. bxc4 Rxd6 37. Na4 Rad8 38. Be1 Rc6 39. Nb2 Rg8 40. Nd3 Rg2+ 41. Bf2 Re6 42. Kf1 Rh2 43. Kg1 Rh5 44. Kf1 Rh1+ 45. Ke2 Rh2 46. Kf1 Kg7 47. Kg1 Reh6 48. Kf1 Kf6 49. c3 Rh7 50. Bxc5 Rd2 51. Nf2 Rc7 52. Bb4 Rxc4 53. Ke1 Rc2 54. Bd6 Ke6 55. Bb8 Rc8 56. Ba7 R8xc3 57. Nh3 Rg2 58. Kf1 Rg3 59. Ng1 Rc1+ 60. Ke2 Rgxg1 0-1